000 00475nam a2200181Ia 4500
008 131103s9999 xx 000 0 und d
040 _aLoreto College
041 _aEnglish
082 _a920/DON
_bLCLIB/
100 _aConsidine, John Joseph
245 _aWhen the sorghum was high
_cJohn Joseph Considine
260 _aNew York
_bLongman
_c1942
300 _a177p.
_b ill.
_c 22cm.
650 _aDonovan
651 _aBiography
850 _aLCLIB/920/DON
942 _cBK
999 _c25074
_d75553